Basic English usage : exercises : with key /
The 230 exercises are varied in approach to suit the topic and the needs of the user. With few exceptions, the exercises are contextualized. Many exercises make use of pictures cues.
Spremljeno u:
| Glavni autor: | |
|---|---|
| Daljnji autori: | |
| Format: | Knjiga |
| Jezik: | English |
| Izdano: |
Oxford :
Oxford University Press,
1986.
|
| Teme: | |
| Oznake: |
Dodaj oznaku
Bez oznaka, Budi prvi tko označuje ovaj zapis!
|
| Thư viện lưu trữ: | Mạng thư viện Đại học Đà Nẵng |
|---|
| LEADER | 01113cam a2200349 i 4500 | ||
|---|---|---|---|
| 001 | 000047690 | ||
| 003 | 7381 | ||
| 005 | 20030313145651.0 | ||
| 008 | 010326|1986 vm 000 eng | ||
| 020 | |a 0194311880 | ||
| 040 | |a IRC |c IRC |d IRC | ||
| 041 | 0 | |a eng | |
| 082 | 1 | 4 | |a 428.24 |b SE-J |
| 100 | 1 | |a Swan, Michael. | |
| 245 | 0 | 0 | |a Basic English usage : |b exercises : with key / |c Michael Swan, Jennifer Seidl. |
| 260 | |a Oxford : |b Oxford University Press, |c 1986. | ||
| 300 | |a 120 p. : |b ill. ; |c 27.5cm. | ||
| 520 | 3 | |a The 230 exercises are varied in approach to suit the topic and the needs of the user. With few exceptions, the exercises are contextualized. Many exercises make use of pictures cues. | |
| 630 | 0 | 4 | |a English language. |
| 630 | 0 | 4 | |a Foreign speakers. |
| 650 | 0 | 4 | |a English language |x Textbooks for foreign speakers. |
| 700 | 1 | |a Seidl, Jennifer. | |
| OWN | |a DUT | ||
| 999 | |a From the UDN01 | ||
| TYP | |a Monograph | ||
| TYP | |a Printed language | ||
| 980 | |a Mạng thư viện Đại học Đà Nẵng | ||


